Clubs de handball des Yvelines (78) - Statistiques

Statistiques générales
  • Ce quiz a été pris 6 fois
  • Le résultat moyen est 18 sur 35
Statistiques - réponses
Numéro Club (ville) % Correct
19 Mantes la Jolie
100%
16 Les Mureaux
83%
23 Montigny-le-Bretonneux
83%
24 Plaisir
83%
30 Trappes
83%
34 Versailles
83%
9 Elancourt
67%
11 Houdan
67%
20 Mantes la Ville
67%
21 Marly le Roi
67%
26 Rambouillet
67%
27 Saint-Cyr-l'Ecole
67%
35 Voisins-le-Bretonneux
67%
2 Aubergenville
50%
4 Bois d'Arcy
50%
7 Buc
50%
10 Guyancourt
50%
13 Le Chesnay Rocquencourt
50%
25 Poissy
50%
28 Saint-Germain-en-Laye
50%
29 Sartrouville
50%
1 Achères
33%
3 Beynes
33%
5 Bonnières-sur-Seine
33%
14 Le Pecq
33%
15 Le Perray en Yvelines
33%
22 Montesson
33%
32 Velizy-Villacoublay
33%
33 Vernouillet
33%
6 Bougival
17%
8 Conflans-Sainte-Honorine
17%
12 La-Celle-Saint-Cloud
17%
17 Limay
17%
18 Maisons Laffitte
17%
31 Triel-sur-Seine
17%
Aucun quiz correspondant
Distribution des résultats
% des personnes avec chaque résultat
Percentile par nombre de réponses
Votre historique - résultats
Vous n’avez pas pris ce quiz